Ethics for surveyors, an educational dimension (Record no. 109629)

MARC details
000 -LEADER
fixed length control field 01397cad a22002775a 4500
001 - CONTROL NUMBER
control field E147577
008 - FIXED-LENGTH DATA ELEMENTS--GENERAL INFORMATION
fixed length control field 090526s2009 xxk f 000 0 eng d
020 ## - INTERNATIONAL STANDARD BOOK NUMBER
International Standard Book Number 9781842194669
035 ## - SYSTEM CONTROL NUMBER
System control number (Sirsi) u147577
041 0# - LANGUAGE CODE
Language code of text/sound track or separate title eng
050 04 - LIBRARY OF CONGRESS CALL NUMBER
Classification number 174.30994 $2 22
100 1# - MAIN ENTRY--PERSONAL NAME
Personal name Plimmer, Frances
Titles and words associated with a name Dr
245 00 - TITLE STATEMENT
Title Ethics for surveyors, an educational dimension
Remainder of title commercial real estate practice and professional ethics
Medium [electronic resource]
260 ## - PUBLICATION, DISTRIBUTION, ETC.
Place of publication, distribution, etc. London
Name of publisher, distributor, etc. RICS
Date of publication, distribution, etc. 2009
490 #0 - SERIES STATEMENT
Series statement RICS Research
505 2# - FORMATTED CONTENTS NOTE
Formatted contents note Executive summary -- Introduction -- Surveying ethics, normas, values and culture -- Surveying ethics in education -- Ethics in commercial real estate practice -- Conclusions -- References
520 ## - SUMMARY, ETC.
Summary, etc. Presents the results of research into professional ethics within multidisciplinary commercial real estate practices. The study focussed in particular on potential conflict between agency and professional services, and looked at the ways in which large firms deal with ethical dilemmas.
521 ## - TARGET AUDIENCE NOTE
Target audience note Advanced
590 ## - LOCAL NOTE (RLIN)
Local note KA
651 #4 - SUBJECT ADDED ENTRY--GEOGRAPHIC NAME
Geographic name United Kingdom
Chronological subdivision
690 ## - LOCAL SUBJECT ADDED ENTRY--TOPICAL TERM (OCLC, RLIN)
Topical term or geographic name as entry element MANAGEMENT-BUSINESS MANAGEMENT-PROFESSIONAL PRACTICE-PROFESSIONAL ETHICS
700 1# - ADDED ENTRY--PERSONAL NAME
Personal name Edwards, Gethin
700 1# - ADDED ENTRY--PERSONAL NAME
Personal name Pottinger, Gaye
856 40 - ELECTRONIC LOCATION AND ACCESS
Uniform Resource Identifier <a href="https://www.rics.org/Global/Downloads/EthicsSurveyorsEducationalDimension200905.pdf">https://www.rics.org/Global/Downloads/EthicsSurveyorsEducationalDimension200905.pdf</a>
Public note View the research free of charge at www.rics.org...
942 ## - ADDED ENTRY ELEMENTS (KOHA)
Suppress in OPAC 0
Holdings
Withdrawn status Lost status Source of classification or shelving scheme Damaged status Not for loan Home library Current library Shelving location Date acquired Total Checkouts Full call number Barcode Date last seen Copy number Price effective from Koha item type
    Dewey Decimal Classification     Virtual Virtual Online 26/05/2009   ONLINE PUBLICATION 147577-2001 06/08/2019 1 06/08/2019 Book